Score 0/107 Timer 10:00
0 Plays Today
Goals Player % Correct
67Kaka
97.4%
44Zlatan Ibrahimovic
96.1%
15Andrea Pirlo
94.8%
4Paolo Maldini
94.8%
43Filippo Inzaghi
94.8%
6Alessandro Nesta
94.1%
36Andriy Shevchenko
93.5%
7Gennaro Gattuso
93.5%
20Ronaldinho
93.5%
40Clarence Seedorf
92.8%
23Robinho
84.3%
11Ronaldo
82.4%
51Alexandre Pato
82.4%
27Mario Balotelli
81.7%
18Massimo Ambrosini
81%
3Ignazio Abate
79.7%
21Suso
79.1%
1Rui Costa
77.1%
5Thiago Silva
77.1%
2Andre Silva
77.1%
13Krzysztof Piatek
77.1%
3Cafu
75.2%
31Carlos Bacca
73.9%
11Hernan Crespo
73.2%
36Alberto Gilardino
72.5%
5Alessio Romagnoli
69.9%
6Philippe Mexes
68.6%
13Hakan Calhanoglu
68%
21Stephan El Shaarawy
67.3%
7Antonio Cassano
66%
11Kevin-Prince Boateng
66%
1Alessandro Costacurta
65.4%
2Gianluca Zambrotta
63.4%
8Riccardo Montolivo
63.4%
30Giacomo Bonaventura
63.4%
13Franck Kessie
63.4%
Goals Player % Correct
4Marek Jankulovski
62.7%
1Ricardo Rodriguez
62.7%
5Theo Hernandez
62.7%
5Kakhaber Kaladze
62.1%
16Marco Borriello
62.1%
18Jeremy Menez
62.1%
2Leonardo Bonucci
60.1%
5Serginho
59.5%
2David Beckham
58.8%
3Cristian Zapata
58.2%
12Antonio Nocerino
57.5%
1Jaap Stam
57.5%
21Giampaolo Pazzini
56.9%
2Massimo Oddo
54.9%
6Jon Dahl Tomasson
54.2%
1Fernando Torres
54.2%
6Gonzalo Higuain
52.3%
8Ante Rebic
51.6%
1Alessandro Matri
50.3%
1Luca Antonini
49%
4Luiz Adriano
49%
11Sulley Muntari
48.4%
2Davide Calabria
47.7%
7Mathieu Flamini
45.8%
9Keisuke Honda
45.8%
13Patrick Cutrone
45.8%
2Lucas Biglia
45.8%
7Klaas-Han Huntelaar
44.4%
6Nigel De Jong
44.4%
5Samu Castillejo
43.1%
1Mateo Musacchio
43.1%
4Fabio Borini
42.5%
8M'Baye Niang
41.8%
1Christian Vieri
40.5%
1Mario Yepes
40.5%
3Mattia Destro
39.9%
Goals Player % Correct
1Tiemoue Bakayoko
38.6%
1Cristian Brocchi
37.3%
4Adil Rami
37.3%
1Lucas Paqueta
37.3%
4Alex
36.6%
1Maxi Lopez
35.9%
3Andrea Poli
35.9%
4Luca Antonelli
35.9%
6Nikola Kalinic
35.9%
4Rafael Leao
35.9%
2Yoann Gourcuff
34.6%
8Gianluca Lapadula
33.3%
1Alberto Aquilani
32.7%
3Urby Emanuelson
30.7%
2Giuseppe Favalli
30.1%
3Ricardo Oliveira
28.8%
3Bojan Krkic
28.8%
1Alessio Cerci
26.1%
1Matias Fernandez
26.1%
5Mario Pasalic
25.5%
2Manuel Locatelli
24.8%
4Gerard Deulofeu
24.2%
1Giuseppe Pancaro
23.5%
4Juraj Kucka
23.5%
2Gabriel Paletta
23.5%
4Adel Taarabt
22.9%
2Alberto Paloschi
22.2%
2Valter Birsa
20.9%
2Andrea Bertolacci
20.3%
1Rodney Strasser
17.6%
1Cristian Zaccardo
15%
1Marco van Ginkel
12.4%
1Marcio Amoroso
11.1%
1Bryan Cristante
10.5%
1Matias Silvestre
7.2%
Come Together.
Have Fun.
All Virtual.
We all need to come together. Play Sporcle's virtual live trivia to have fun, connect with people, and get your trivia on. Join a live hosted trivia game for your favorite pub trivia experience done virtually. If a virtual private party is more your thing, go here for details.

You're not logged in!

Compare scores with friends on all Sporcle quizzes.
OR
Log In

Sporcle TV

Today on Sporcle TV


Watch our educational content, quiz creation guides, and fun videos on Sporcle TV.

Show Comments

Extras

Top Quizzes Today


Score Distribution

Paid Content

Your Account Isn't Verified!

In order to create a playlist on Sporcle, you need to verify the email address you used during registration. Go to your Sporcle Settings to finish the process.

Report this User

Report this user for behavior that violates our Community Guidelines.

Details: